[Event "DEM U12 2025"]
[Site "Willingen GER"]
[Date "2025.06.08"]
[Round "2"]
[White "Shen, Tingrui"]
[Black "Hellriegel, Hannes"]
[Result "1-0"]
[Termination "normal"]
[Board "2"]
[WhiteElo "2101"]
[BlackElo "1849"]
[WhiteClock "00:21:23"]
[BlackClock "00:29:08"]
[PlyCount "125"]
[WhiteFideId "34603441"]
[BlackFideId "34623701"]
[EventCountry "GER"]
[EventRounds "9"]
[EventType "swiss"]
[EventDate "2025.06.07"]

1. d4 {[%clk 01:30:54]} {[%emt 00:00:06]} Nf6 {[%clk 01:30:56]} {[%emt
00:00:05]} 2. c4 {[%clk 01:30:57]} {[%emt 00:00:27]} e6 {[%clk 01:31:21]}
{[%emt 00:00:05]} 3. Nf3 {[%clk 01:31:11]} {[%emt 00:00:15]} d5 {[%clk
01:31:44]} {[%emt 00:00:08]} 4. Nc3 {[%clk 01:31:14]} {[%emt 00:00:27]} c6
{[%clk 01:31:28]} {[%emt 00:00:47]} 5. Bg5 {[%clk 01:30:01]} {[%emt 00:01:42]}
Be7 {[%clk 01:31:49]} {[%emt 00:00:08]} 6. e3 {[%clk 01:30:11]} {[%emt
00:00:21]} Nbd7 {[%clk 01:31:58]} {[%emt 00:00:21]} 7. cxd5 {[%clk 01:25:59]}
{[%emt 00:04:42]} exd5 {[%clk 01:31:41]} {[%emt 00:00:48]} 8. Bd3 {[%clk
01:26:10]} {[%emt 00:00:18]} O-O {[%clk 01:31:58]} {[%emt 00:00:14]} 9. Qc2
{[%clk 01:26:14]} {[%emt 00:00:25]} Re8 {[%clk 01:30:41]} {[%emt 00:01:47]} 10.
O-O {[%clk 01:25:58]} {[%emt 00:00:45]} Nf8 {[%clk 01:29:11]} {[%emt 00:02:01]}
11. a3 {[%clk 01:22:55]} {[%emt 00:03:33]} a5 {[%clk 01:23:19]} {[%emt
00:06:22]} 12. h3 {[%clk 01:18:34]} {[%emt 00:04:50]} Ng6 {[%clk 01:13:40]}
{[%emt 00:10:10]} 13. Rab1 {[%clk 01:17:37]} {[%emt 00:01:27]} Ne4 {[%clk
01:00:38]} {[%emt 00:13:32]} 14. Bxe7 {[%clk 01:14:41]} {[%emt 00:03:26]} Qxe7
{[%clk 01:00:57]} {[%emt 00:00:11]} 15. Bxe4 {[%clk 01:13:13]} {[%emt
00:01:57]} dxe4 {[%clk 01:01:18]} {[%emt 00:00:10]} 16. Nd2 {[%clk 01:13:02]}
{[%emt 00:00:40]} Bf5 {[%clk 00:52:00]} {[%emt 00:09:49]} 17. b4 {[%clk
00:55:29]} {[%emt 00:18:03]} Nh4 {[%clk 00:37:55]} {[%emt 00:14:35]} 18. Ne2
{[%clk 00:48:52]} {[%emt 00:07:07]} Qd7 {[%clk 00:30:58]} {[%emt 00:07:27]} 19.
Qc5 {[%clk 00:43:40]} {[%emt 00:05:41]} Nxg2 {[%clk 00:17:15]} {[%emt
00:14:14]} 20. Kxg2 {[%clk 00:40:21]} {[%emt 00:03:49]} Bxh3+ {[%clk 00:17:20]}
{[%emt 00:00:25]} 21. Kg1 {[%clk 00:37:51]} {[%emt 00:02:59]} Bxf1 {[%clk
00:16:53]} {[%emt 00:00:58]} 22. Rxf1 {[%clk 00:35:39]} {[%emt 00:02:42]} Qh3
{[%clk 00:09:50]} {[%emt 00:07:34]} 23. Ng3 {[%clk 00:31:37]} {[%emt 00:04:30]}
Re6 {[%clk 00:06:28]} {[%emt 00:03:52]} 24. Qf5 {[%clk 00:28:03]} {[%emt
00:04:03]} Qxf5 {[%clk 00:05:13]} {[%emt 00:01:47]} 25. Nxf5 {[%clk 00:28:06]}
{[%emt 00:00:26]} axb4 {[%clk 00:03:12]} {[%emt 00:02:31]} 26. axb4 {[%clk
00:28:24]} {[%emt 00:00:13]} Ra4 {[%clk 00:01:47]} {[%emt 00:01:55]} 27. Ng3
{[%clk 00:23:33]} {[%emt 00:05:21]} Rxb4 {[%clk 00:02:06]} {[%emt 00:00:11]}
28. Ndxe4 {[%clk 00:22:55]} {[%emt 00:01:07]} b6 {[%clk 00:01:27]} {[%emt
00:01:10]} 29. Ra1 {[%clk 00:22:20]} {[%emt 00:01:05]} h6 {[%clk 00:01:28]}
{[%emt 00:00:30]} 30. Nd2 {[%clk 00:18:04]} {[%emt 00:04:45]} b5 {[%clk
00:01:10]} {[%emt 00:00:48]} 31. Kf1 {[%clk 00:17:18]} {[%emt 00:01:15]} g6
{[%clk 00:00:52]} {[%emt 00:00:49]} 32. Ne2 {[%clk 00:14:26]} {[%emt 00:03:22]}
Rb2 {[%clk 00:00:40]} {[%emt 00:00:40]} 33. Ke1 {[%clk 00:14:02]} {[%emt
00:00:55]} f5 {[%clk 00:00:41]} {[%emt 00:00:31]} 34. Nf4 {[%clk 00:10:39]}
{[%emt 00:03:52]} Rd6 {[%clk 00:00:45]} {[%emt 00:00:27]} 35. Rc1 {[%clk
00:09:18]} {[%emt 00:01:51]} Kf7 {[%clk 00:00:45]} {[%emt 00:00:31]} 36. Nd3
{[%clk 00:09:04]} {[%emt 00:00:43]} Ra2 {[%clk 00:00:51]} {[%emt 00:00:24]} 37.
Nb4 {[%clk 00:09:08]} {[%emt 00:00:25]} Ra4 {[%clk 00:00:44]} {[%emt 00:00:38]}
38. Nxc6 {[%clk 00:09:22]} {[%emt 00:00:16]} Ra6 {[%clk 00:00:32]} {[%emt
00:00:42]} 39. Ne5+ {[%clk 00:09:04]} {[%emt 00:00:47]} Kf6 {[%clk 00:00:48]}
{[%emt 00:00:13]} 40. Rb1 {[%clk 00:09:04]} {[%emt 00:00:32]} Rab6 {[%clk
00:00:47]} {[%emt 00:00:32]} 41. Ndc4 {[%clk 00:24:22]} {[%emt 00:15:11]} bxc4
{[%clk 00:28:48]} {[%emt 00:02:29]} 42. Rxb6 {[%clk 00:23:49]} {[%emt
00:01:03]} Rxb6 {[%clk 00:29:13]} {[%emt 00:00:06]} 43. Nd7+ {[%clk 00:24:05]}
{[%emt 00:00:12]} Kg5 {[%clk 00:29:23]} {[%emt 00:00:21]} 44. Nxb6 {[%clk
00:24:17]} {[%emt 00:00:18]} c3 {[%clk 00:29:33]} {[%emt 00:00:20]} 45. Nd5
{[%clk 00:22:53]} {[%emt 00:01:54]} c2 {[%clk 00:29:26]} {[%emt 00:00:37]} 46.
Kd2 {[%clk 00:23:06]} {[%emt 00:00:17]} Kg4 {[%clk 00:27:56]} {[%emt 00:02:00]}
47. Nf4 {[%clk 00:21:25]} {[%emt 00:02:11]} g5 {[%clk 00:26:41]} {[%emt
00:01:45]} 48. d5 {[%clk 00:20:22]} {[%emt 00:01:32]} gxf4 {[%clk 00:26:19]}
{[%emt 00:00:53]} 49. d6 {[%clk 00:19:46]} {[%emt 00:01:06]} fxe3+ {[%clk
00:26:17]} {[%emt 00:00:32]} 50. fxe3 {[%clk 00:19:55]} {[%emt 00:00:19]} Kf3
{[%clk 00:25:29]} {[%emt 00:01:19]} 51. d7 {[%clk 00:19:26]} {[%emt 00:01:00]}
c1=Q+ {[%emt 00:00:09]} 52. Kxc1 {[%clk 00:19:46]} {[%emt 00:00:09]} Kxe3
{[%clk 00:26:17]} {[%emt 00:00:03]} 53. d8=Q {[%clk 00:19:55]} {[%emt
00:00:21]} f4 {[%clk 00:26:37]} {[%emt 00:00:10]} 54. Qh4 {[%clk 00:19:03]}
{[%emt 00:01:22]} f3 {[%clk 00:26:49]} {[%emt 00:00:18]} 55. Kd1 {[%clk
00:19:10]} {[%emt 00:00:23]} f2 {[%clk 00:26:40]} {[%emt 00:00:40]} 56. Qg3+
{[%clk 00:19:29]} {[%emt 00:00:09]} Ke4 {[%clk 00:26:59]} {[%emt 00:00:12]} 57.
Qxf2 {[%clk 00:19:52]} {[%emt 00:00:07]} Kd5 {[%clk 00:27:23]} {[%emt
00:00:07]} 58. Kd2 {[%clk 00:19:58]} {[%emt 00:00:24]} Kc4 {[%clk 00:27:49]}
{[%emt 00:00:04]} 59. Qf4+ {[%clk 00:20:14]} {[%emt 00:00:12]} Kb3 {[%clk
00:28:13]} {[%emt 00:00:06]} 60. Qxh6 {[%clk 00:20:29]} {[%emt 00:00:15]} Ka2
{[%clk 00:28:38]} {[%emt 00:00:05]} 61. Kc3 {[%clk 00:20:45]} {[%emt 00:00:14]}
Ka1 {[%clk 00:28:44]} {[%emt 00:00:25]} 62. Kb3 {[%clk 00:21:02]} {[%emt
00:00:12]} Kb1 {[%clk 00:29:08]} {[%emt 00:00:08]} 63. Qh1# {[%clk 00:21:23]}
{[%emt 00:00:08]} 1-0

[Event "DEM U12 2025"]
[Site "Willingen GER"]
[Date "2025.06.08"]
[Round "2"]
[White "Andersen, Jonathan"]
[Black "Li, Yunqi"]
[Result "0-1"]
[Termination "normal"]
[Board "3"]
[WhiteElo "1787"]
[BlackElo "2124"]
[WhiteClock "00:09:06"]
[BlackClock "00:26:56"]
[PlyCount "77"]
[WhiteFideId "34623884"]
[BlackFideId "34610618"]
[EventCountry "GER"]
[EventRounds "9"]
[EventType "swiss"]
[EventDate "2025.06.07"]

1. e4 {[%clk 01:30:57]} {[%emt 00:00:02]} e6 {[%clk 01:30:54]} {[%emt
00:00:06]} 2. d4 {[%clk 01:31:24]} {[%emt 00:00:04]} d5 {[%clk 01:31:20]}
{[%emt 00:00:04]} 3. e5 {[%clk 01:31:50]} {[%emt 00:00:04]} c5 {[%clk
01:31:43]} {[%emt 00:00:06]} 4. c3 {[%clk 01:32:17]} {[%emt 00:00:03]} Nc6
{[%clk 01:32:09]} {[%emt 00:00:04]} 5. Nf3 {[%clk 01:32:42]} {[%emt 00:00:06]}
Bd7 {[%clk 01:32:30]} {[%emt 00:00:08]} 6. a3 {[%clk 01:32:15]} {[%emt
00:00:58]} Qb6 {[%clk 01:28:54]} {[%emt 00:04:06]} 7. b4 {[%clk 01:32:34]}
{[%emt 00:00:10]} cxd4 {[%clk 01:29:15]} {[%emt 00:00:10]} 8. cxd4 {[%clk
01:32:59]} {[%emt 00:00:05]} Nge7 {[%clk 01:28:28]} {[%emt 00:01:17]} 9. Nc3
{[%clk 01:29:19]} {[%emt 00:04:09]} Ng6 {[%clk 01:27:40]} {[%emt 00:01:18]} 10.
Be3 {[%clk 01:18:47]} {[%emt 00:11:01]} Be7 {[%clk 01:21:12]} {[%emt 00:06:58]}
11. h4 {[%clk 01:01:16]} {[%emt 00:18:02]} h6 {[%clk 01:11:32]} {[%emt
00:10:09]} 12. Bd3 {[%clk 00:58:49]} {[%emt 00:02:57]} Nf8 {[%clk 01:10:42]}
{[%emt 00:01:20]} 13. Qd2 {[%clk 00:55:11]} {[%emt 00:04:09]} a6 {[%clk
01:08:01]} {[%emt 00:03:10]} 14. Rh3 {[%clk 00:50:17]} {[%emt 00:05:24]} Rc8
{[%clk 01:03:53]} {[%emt 00:04:38]} 15. Rb1 {[%clk 00:44:46]} {[%emt 00:06:01]}
Na7 {[%clk 01:02:59]} {[%emt 00:01:24]} 16. Qb2 {[%clk 00:30:53]} {[%emt
00:14:24]} f5 {[%clk 00:39:05]} {[%emt 00:24:22]} 17. Bxf5 {[%clk 00:20:14]}
{[%emt 00:11:10]} Rxc3 {[%clk 00:37:24]} {[%emt 00:02:12]} 18. Qxc3 {[%clk
00:20:03]} {[%emt 00:00:40]} exf5 {[%clk 00:37:41]} {[%emt 00:00:12]} 19. Rh1
{[%clk 00:15:55]} {[%emt 00:04:38]} Ne6 {[%clk 00:37:15]} {[%emt 00:00:56]} 20.
g3 {[%clk 00:16:14]} {[%emt 00:00:13]} O-O {[%clk 00:37:30]} {[%emt 00:00:14]}
21. Qb3 {[%clk 00:16:34]} {[%emt 00:00:10]} Bc6 {[%clk 00:37:09]} {[%emt
00:00:50]} 22. Kd2 {[%clk 00:14:39]} {[%emt 00:02:25]} Qb5 {[%clk 00:36:53]}
{[%emt 00:00:46]} 23. Ne1 {[%clk 00:11:52]} {[%emt 00:03:18]} Nc8 {[%clk
00:35:07]} {[%emt 00:02:16]} 24. Nd3 {[%clk 00:11:17]} {[%emt 00:01:05]} Nb6
{[%clk 00:35:14]} {[%emt 00:00:22]} 25. f4 {[%clk 00:10:54]} {[%emt 00:00:53]}
Nc4+ {[%clk 00:34:33]} {[%emt 00:01:10]} 26. Ke2 {[%clk 00:11:18]} {[%emt
00:00:06]} b6 {[%clk 00:34:00]} {[%emt 00:01:03]} 27. Rhc1 {[%clk 00:11:34]}
{[%emt 00:00:15]} Qa4 {[%clk 00:34:05]} {[%emt 00:00:25]} 28. Qxa4 {[%clk
00:11:29]} {[%emt 00:00:34]} Bxa4 {[%clk 00:34:27]} {[%emt 00:00:07]} 29. Kf3
{[%clk 00:11:12]} {[%emt 00:00:47]} Bb5 {[%clk 00:34:47]} {[%emt 00:00:11]} 30.
Rc3 {[%clk 00:11:08]} {[%emt 00:00:35]} Rc8 {[%clk 00:34:10]} {[%emt 00:01:07]}
31. Rbc1 {[%clk 00:11:14]} {[%emt 00:00:24]} Ra8 {[%clk 00:32:44]} {[%emt
00:01:56]} 32. Rb1 {[%clk 00:09:31]} {[%emt 00:02:13]} a5 {[%clk 00:27:45]}
{[%emt 00:05:29]} 33. bxa5 {[%clk 00:09:40]} {[%emt 00:00:21]} Rxa5 {[%clk
00:28:09]} {[%emt 00:00:06]} 34. Nb4 {[%clk 00:09:07]} {[%emt 00:01:03]} Nxd4+
{[%clk 00:27:38]} {[%emt 00:01:01]} 35. Kf2 {[%clk 00:08:43]} {[%emt 00:00:54]}
Bxb4 {[%clk 00:28:00]} {[%emt 00:00:07]} 36. Rbb3 {[%emt 00:00:34]} Bxc3 37.
Rxc3 {[%clk 00:08:39]} Nc6 {[%clk 00:28:02]} {[%emt 00:00:28]} 38. Bxb6 {[%emt
00:02:02]} Nb4 {[%clk 00:26:56]} {[%emt 00:00:01]} 39. axb4 {[%clk 00:09:06]}
{[%emt 00:00:06]} 0-1

[Event "DEM U12 2025"]
[Site "Willingen GER"]
[Date "2025.06.08"]
[Round "2"]
[White "Fadeev, Justin Michael"]
[Black "Ziem, Ole"]
[Result "1-0"]
[Termination "normal"]
[Board "4"]
[WhiteElo "2060"]
[BlackElo "1670"]
[WhiteClock "00:12:40"]
[BlackClock "00:37:35"]
[PlyCount "109"]
[WhiteFideId "34602968"]
[BlackFideId "34624791"]
[EventCountry "GER"]
[EventRounds "9"]
[EventType "swiss"]
[EventDate "2025.06.07"]

1. e4 {[%clk 01:30:37]} {[%emt 00:00:23]} e5 {[%clk 01:30:32]} {[%emt
00:00:28]} 2. Nf3 {[%clk 01:31:00]} {[%emt 00:00:08]} Nc6 {[%clk 01:30:39]}
{[%emt 00:00:22]} 3. d4 {[%clk 01:31:21]} {[%emt 00:00:09]} exd4 {[%clk
01:30:41]} {[%emt 00:00:27]} 4. Bc4 {[%clk 01:31:46]} {[%emt 00:00:05]} Nf6
{[%clk 01:30:37]} {[%emt 00:00:34]} 5. e5 {[%clk 01:31:58]} {[%emt 00:00:19]}
d5 {[%clk 01:30:42]} {[%emt 00:00:24]} 6. Bb5 {[%clk 01:32:16]} {[%emt
00:00:12]} Ne4 {[%clk 01:30:00]} {[%emt 00:01:13]} 7. Nxd4 {[%clk 01:32:34]}
{[%emt 00:00:11]} Bd7 {[%clk 01:29:52]} {[%emt 00:00:38]} 8. Bxc6 {[%clk
01:32:54]} {[%emt 00:00:10]} bxc6 {[%clk 01:29:43]} {[%emt 00:00:39]} 9. O-O
{[%clk 01:32:57]} {[%emt 00:00:26]} Bc5 {[%clk 01:29:21]} {[%emt 00:00:53]} 10.
f3 {[%clk 01:33:15]} {[%emt 00:00:12]} Ng5 {[%clk 01:29:17]} {[%emt 00:00:33]}
11. f4 {[%clk 01:33:40]} {[%emt 00:00:07]} Ne4 {[%clk 01:29:16]} {[%emt
00:00:31]} 12. Be3 {[%clk 01:33:44]} {[%emt 00:00:26]} Bb6 {[%clk 01:29:25]}
{[%emt 00:00:20]} 13. Nc3 {[%clk 01:33:42]} {[%emt 00:00:32]} Nxc3 {[%clk
01:28:56]} {[%emt 00:01:00]} 14. bxc3 {[%clk 01:34:08]} {[%emt 00:00:04]} c5
{[%clk 01:27:14]} {[%emt 00:02:12]} 15. Nb3 {[%clk 01:27:13]} {[%emt 00:07:24]}
c4 {[%clk 01:24:42]} {[%emt 00:03:02]} 16. Nd4 {[%clk 01:27:12]} {[%emt
00:00:31]} c5 {[%clk 01:23:29]} {[%emt 00:01:44]} 17. Nf3 {[%clk 01:27:17]}
{[%emt 00:00:24]} Bf5 {[%clk 01:23:30]} {[%emt 00:00:29]} 18. Qd2 {[%clk
01:24:35]} {[%emt 00:03:13]} Qd7 {[%clk 01:20:30]} {[%emt 00:03:30]} 19. a4
{[%clk 01:19:46]} {[%emt 00:05:19]} Qc6 {[%clk 01:17:20]} {[%emt 00:03:39]} 20.
Rfd1 {[%clk 01:16:18]} {[%emt 00:03:59]} Rd8 {[%clk 01:15:29]} {[%emt
00:02:20]} 21. a5 {[%clk 01:16:31]} {[%emt 00:00:18]} Bc7 {[%clk 01:15:18]}
{[%emt 00:00:41]} 22. Qf2 {[%clk 01:16:03]} {[%emt 00:00:58]} a6 {[%clk
01:12:29]} {[%emt 00:03:19]} 23. Ra2 {[%clk 01:06:46]} {[%emt 00:09:46]} Rc8
{[%clk 00:59:59]} {[%emt 00:13:00]} 24. Bxc5 {[%clk 01:06:01]} {[%emt
00:01:16]} Bxe5 {[%clk 00:59:05]} {[%emt 00:01:24]} 25. Re1 {[%clk 01:01:54]}
{[%emt 00:04:37]} Be4 {[%clk 00:56:30]} {[%emt 00:03:05]} 26. Nxe5 {[%clk
00:47:46]} {[%emt 00:14:37]} Qxc5 {[%clk 00:56:46]} {[%emt 00:00:14]} 27. Qxc5
{[%clk 00:48:08]} {[%emt 00:00:08]} Rxc5 {[%clk 00:57:11]} {[%emt 00:00:05]}
28. Rb2 {[%clk 00:48:29]} {[%emt 00:00:09]} Ke7 {[%clk 00:44:57]} {[%emt
00:12:44]} 29. Rb7+ {[%clk 00:48:20]} {[%emt 00:00:40]} Ke6 {[%clk 00:44:48]}
{[%emt 00:00:39]} 30. Nxf7 {[%clk 00:40:42]} {[%emt 00:08:07]} Rf8 {[%clk
00:43:00]} {[%emt 00:02:18]} 31. Ng5+ {[%clk 00:40:39]} {[%emt 00:00:34]} Kf5
{[%clk 00:42:28]} {[%emt 00:01:02]} 32. g4+ {[%clk 00:39:08]} {[%emt 00:02:01]}
Kxg4 {[%clk 00:39:59]} {[%emt 00:02:58]} 33. Ne6 {[%clk 00:38:48]} {[%emt
00:00:51]} Rfc8 {[%clk 00:39:50]} {[%emt 00:00:38]} 34. Rxg7+ {[%clk 00:37:52]}
{[%emt 00:01:26]} Kf5 {[%clk 00:39:48]} {[%emt 00:00:32]} 35. Nxc5 {[%clk
00:36:19]} {[%emt 00:02:04]} Rxc5 {[%clk 00:40:12]} {[%emt 00:00:05]} 36. Ra1
{[%clk 00:34:11]} {[%emt 00:02:38]} Bxc2 {[%clk 00:40:29]} {[%emt 00:00:13]}
37. Rxh7 {[%clk 00:33:52]} {[%emt 00:00:49]} Kxf4 {[%clk 00:40:46]} {[%emt
00:00:14]} 38. Rh6 {[%clk 00:34:01]} {[%emt 00:00:20]} Rc7 {[%clk 00:39:00]}
{[%emt 00:02:16]} 39. Rxa6 {[%clk 00:33:34]} {[%emt 00:00:57]} Rg7+ {[%clk
00:39:25]} {[%emt 00:00:05]} 40. Kf2 {[%clk 00:33:29]} {[%emt 00:00:35]} Be4
{[%clk 00:39:50]} {[%emt 00:00:05]} 41. Rg1 {[%clk 00:29:39]} {[%emt 00:04:20]}
Rh7 {[%clk 00:40:11]} {[%emt 00:00:08]} 42. Rf6+ {[%clk 00:22:36]} {[%emt
00:07:34]} Ke5 {[%clk 00:40:33]} {[%emt 00:00:08]} 43. Rb6 {[%clk 00:22:14]}
{[%emt 00:00:53]} Rxh2+ {[%clk 00:40:53]} {[%emt 00:00:09]} 44. Kg3 {[%clk
00:20:07]} {[%emt 00:02:37]} Rc2 {[%clk 00:41:03]} {[%emt 00:00:21]} 45. Ra1
{[%clk 00:20:17]} {[%emt 00:00:19]} Rxc3+ {[%clk 00:41:22]} {[%emt 00:00:12]}
46. Kg4 {[%clk 00:20:28]} {[%emt 00:00:19]} Rb3 {[%clk 00:40:27]} {[%emt
00:01:25]} 47. Rxb3 {[%clk 00:12:30]} cxb3 {[%clk 00:40:50]} {[%emt 00:08:35]}
48. a6 {[%clk 00:12:53]} {[%emt 00:00:07]} b2 {[%clk 00:41:11]} {[%emt
00:00:08]} 49. Re1 {[%clk 00:13:16]} {[%emt 00:00:06]} Kd6 {[%clk 00:39:34]}
{[%emt 00:02:09]} 50. a7 {[%clk 00:13:28]} {[%emt 00:00:18]} d4 {[%clk
00:39:43]} {[%emt 00:00:21]} 51. Kf4 {[%clk 00:11:44]} {[%emt 00:02:14]} Ba8
{[%clk 00:39:21]} {[%emt 00:00:52]} 52. Rb1 {[%clk 00:12:06]} {[%emt 00:00:08]}
Kc5 {[%clk 00:39:23]} {[%emt 00:00:28]} 53. Rxb2 {[%clk 00:12:19]} {[%emt
00:00:17]} d3 {[%clk 00:38:29]} {[%emt 00:01:24]} 54. Ke3 {[%clk 00:12:30]}
{[%emt 00:00:19]} Kc4 {[%clk 00:37:35]} {[%emt 00:01:24]} 55. Rb8 {[%clk
00:12:40]} {[%emt 00:00:21]} 1-0

[Event "DEM U12 2025"]
[Site "Willingen GER"]
[Date "2025.06.08"]
[Round "2"]
[White "Gao, Chenzhuo"]
[Black "Belin, Anton"]
[Result "0-1"]
[Termination "normal"]
[Board "5"]
[WhiteElo "1707"]
[BlackElo "2061"]
[WhiteClock "00:37:42"]
[BlackClock "00:40:41"]
[PlyCount "70"]
[WhiteFideId "34668608"]
[BlackFideId "34610952"]
[EventCountry "GER"]
[EventRounds "9"]
[EventType "swiss"]
[EventDate "2025.06.07"]

1. d4 {[%clk 01:30:52]} {[%emt 00:00:07]} d5 {[%clk 01:30:35]} {[%emt
00:00:25]} 2. Nf3 {[%clk 01:30:45]} {[%emt 00:00:37]} Nf6 {[%clk 01:30:24]}
{[%emt 00:00:41]} 3. Bf4 {[%clk 01:30:23]} {[%emt 00:00:52]} e6 {[%clk
01:30:06]} {[%emt 00:00:48]} 4. e3 {[%clk 01:30:09]} {[%emt 00:00:44]} Bd6
{[%clk 01:30:10]} {[%emt 00:00:26]} 5. Bg3 {[%clk 01:30:02]} {[%emt 00:00:38]}
O-O {[%clk 01:29:49]} {[%emt 00:00:51]} 6. Bd3 {[%clk 01:29:21]} {[%emt
00:01:11]} c5 {[%clk 01:29:40]} {[%emt 00:00:38]} 7. c3 {[%clk 01:29:20]}
{[%emt 00:00:30]} Qc7 {[%clk 01:28:15]} {[%emt 00:01:56]} 8. Ne5 {[%clk
01:26:29]} {[%emt 00:03:22]} Nc6 {[%clk 01:24:08]} {[%emt 00:04:37]} 9. Nxc6
{[%clk 01:25:53]} {[%emt 00:01:05]} Qxc6 {[%clk 01:19:22]} {[%emt 00:05:16]}
10. Nd2 {[%clk 01:24:29]} {[%emt 00:01:54]} Bd7 {[%clk 01:10:50]} {[%emt
00:09:02]} 11. Nf3 {[%clk 01:21:49]} {[%emt 00:03:11]} Ne4 {[%clk 01:06:58]}
{[%emt 00:04:22]} 12. Ne5 {[%clk 01:18:51]} {[%emt 00:03:28]} Bxe5 {[%clk
01:04:42]} {[%emt 00:02:45]} 13. dxe5 {[%clk 01:18:40]} {[%emt 00:00:41]} f5
{[%clk 01:02:47]} {[%emt 00:02:25]} 14. Qe2 {[%clk 01:13:45]} {[%emt 00:05:25]}
b5 {[%clk 00:59:59]} {[%emt 00:03:19]} 15. f3 {[%clk 01:11:11]} {[%emt
00:03:04]} Nxg3 {[%clk 00:59:00]} {[%emt 00:01:28]} 16. hxg3 {[%clk 01:11:34]}
{[%emt 00:00:07]} c4 {[%clk 00:58:12]} {[%emt 00:01:18]} 17. Bc2 {[%clk
01:11:45]} {[%emt 00:00:18]} b4 {[%clk 00:58:13]} {[%emt 00:00:28]} 18. g4
{[%clk 01:07:20]} {[%emt 00:04:56]} bxc3 {[%clk 00:57:53]} {[%emt 00:00:50]}
19. bxc3 {[%clk 01:05:43]} {[%emt 00:02:07]} Qc7 {[%clk 00:54:01]} {[%emt
00:04:23]} 20. f4 {[%clk 01:04:19]} {[%emt 00:01:54]} Qa5 {[%clk 00:52:39]}
{[%emt 00:01:52]} 21. Kd2 {[%clk 01:03:12]} {[%emt 00:01:34]} Ba4 {[%clk
00:50:32]} {[%emt 00:02:38]} 22. gxf5 {[%clk 00:59:39]} {[%emt 00:04:03]} Bxc2
{[%clk 00:50:40]} {[%emt 00:00:23]} 23. Kxc2 {[%clk 00:58:34]} {[%emt
00:01:36]} Rxf5 {[%clk 00:49:19]} {[%emt 00:01:50]} 24. g4 {[%clk 00:56:50]}
{[%emt 00:02:14]} Qa4+ {[%clk 00:47:31]} {[%emt 00:02:17]} 25. Kd2 {[%clk
00:55:45]} {[%emt 00:01:35]} Rb8 {[%clk 00:44:29]} {[%emt 00:03:33]} 26. Qd1
{[%clk 00:46:51]} {[%emt 00:09:24]} Rb2+ {[%clk 00:40:07]} {[%emt 00:04:52]}
27. Kc1 {[%clk 00:46:45]} {[%emt 00:00:35]} Qa3 {[%clk 00:40:10]} {[%emt
00:00:28]} 28. Qc2 {[%clk 00:42:30]} {[%emt 00:04:46]} Rxc2+ {[%clk 00:40:09]}
{[%emt 00:00:31]} 29. Kxc2 {[%clk 00:42:56]} {[%emt 00:00:04]} d4 {[%clk
00:38:37]} {[%emt 00:02:02]} 30. exd4 {[%clk 00:37:37]} {[%emt 00:05:49]} Rxf4
{[%clk 00:38:58]} {[%emt 00:00:08]} 31. Rhf1 {[%clk 00:37:39]} {[%emt
00:00:28]} Rxf1 {[%clk 00:39:24]} {[%emt 00:00:06]} 32. Rxf1 {[%clk 00:38:04]}
{[%emt 00:00:05]} Qxa2+ {[%clk 00:39:47]} {[%emt 00:00:06]} 33. Kd1 {[%clk
00:38:27]} {[%emt 00:00:07]} Qb2 {[%clk 00:40:11]} {[%emt 00:00:05]} 34. Rf3
{[%clk 00:37:24]} {[%emt 00:01:34]} a5 {[%clk 00:40:23]} {[%emt 00:00:18]} 35.
d5 {[%clk 00:37:42]} {[%emt 00:00:11]} Qg2 {[%clk 00:40:41]} {[%emt 00:00:12]}
0-1